Pays ayant le plus de voitures de luxe par habitants - Statistiques

Statistiques générales
  • Ce quiz a été pris 187 fois
  • Le résultat moyen est 6 sur 10
Statistiques - réponses
Nombre de voitures de luxe par habitants Pays % Correct
1 voiture de luxe pour 34 habitants Suisse
85%
1 voiture de luxe pour 32 habitants Allemagne
69%
1 voiture de luxe pour 13 habitants Luxembourg
69%
1 voiture de luxe pour 40 habitants Royaume-Uni
56%
1 voiture de luxe pour 48 habitants Suede
56%
1 voiture de luxe pour 36 habitants Norvège
52%
1 voiture de luxe pour 53 habitants Canada
51%
1 voiture de luxe pour 31 habitants Belgique
47%
1 voiture de luxe pour 37 habitants Australie
39%
1 voiture de luxe pour 47 habitants Autriche
37%
Aucun quiz correspondant
Distribution des résultats
% des personnes avec chaque résultat
Percentile par nombre de réponses
Votre historique - résultats
Vous n’avez pas pris ce quiz